000
00265nam a2200109Ia 4500
008
221009s9999 xx 000 0 und d
082
_a
001
100
_a
Snehil Tripathi
_9
72353
245
3
_a
An Introduction to Madhya Pradesh
260
_b
Mc Graw Hill
942
_c
BK
999
_c
65186
_d
65186